| 000 | 01346nam a2200301 i 4500 | ||
|---|---|---|---|
| 001 | 183977 | ||
| 003 | ES-MaACL | ||
| 005 | 20250727091938.0 | ||
| 008 | 150121s2010 sp ao | |||||||| | spa d | ||
| 020 | _a978-84-938160-1-8 | ||
| 080 | _a811.134.2'282(460.184 Villaferrueña) | ||
| 100 | 1 |
_aFernández Domínguez, Victorino. _9156191 |
|
| 245 | 1 | 3 |
_aEl habla del Valle del Eria : _b(Villaferrueña) / _cVictorino Fernández Domínguez. |
| 260 |
_aBenavente : _bCentro de Estudios Benaventanos "Ledo del Pozo", _c2010. |
||
| 300 |
_a304 p. : _bil. col., fot. ; _c24 cm. |
||
| 490 | 1 |
_aPatrimonio y medio ambiente ; _v5 |
|
| 504 | _aBibliografía: p. 19. | ||
| 505 | 8 |
_aContiene: ; _tDiccionario( _g, p. 21-287) ; _tRefranes( _g, p. 289-292) ; _tExpresiones y dichos( _g, p. 293-304) |
|
| 650 | 4 |
_aLengua española- _zBenavente. _9144527 |
|
| 650 | 4 |
_aLengua española- _zZamora (Provincia) _9156290 |
|
| 651 | 4 |
_aZamora (Provincia)- _xUsos y costumbres. _9144534 |
|
| 710 | 2 |
_aCentro de Estudios Benaventanos "Ledo del Pozo" _9144530 |
|
| 830 | 0 | 0 |
_aPatrimonio y medio ambiente _v5 _9192017 |
| 852 |
_aES-MaACL _jA-13334 _9190942 _bR.150331 _cDEPO1 _dOlim: N-6334 _hDonación: Centro de Estudios Benaventanos |
||
| 914 |
_9144530 _aCentro de Estudios Benaventanos "Ledo del Pozo" _ednr |
||
| 942 |
_2udc _cMONOGRAFIA |
||
| 999 |
_c183977 _d183977 |
||